Normal view
MARC view
Entry Topical Term
001 - CONTROL NUMBER
- control field: 7746
003 - CONTROL NUMBER IDENTIFIER
- control field: PK-LaUMT
005 - DATE AND TIME OF LATEST TRANSACTION
- control field: 20251027102309.0
008 - FIXED-LENGTH DATA ELEMENTS
- fixed length control field: 251027|| aca||aabn | a|a d
040 ## - CATALOGING SOURCE
- Original cataloging agency: PK-LaUMT
- Transcribing agency: PK-LaUMT
150 ## - HEADING--TOPICAL TERM
- Topical term or geographic name as entry element: Medical education-Computer assisted instructions
670 ## - SOURCE DATA FOUND
- Source citation: Work cat.: (PK-LaUMT)139018: Anmol Fatima 7722, Serious game design model execution for first aid in healthcare [MS Computer Science] / , 2025
